00886nam a2200289Ia 4500001000900000003000500009005001700014008004100031010001100072020001800083040000900101082001900110100002200129245013800151250001100289260004500300300001500345500003200360503000800392650001600400650001300416650003000429700004000459700003900499700003100538700002700569dia_5044CHAP20251023171852.0220117s2001 xx 000 0 und d a175867 a970-26-0132-0 cCHAP a515.4 P87 2001 aPurcell, Edwin J. aCálculo /c Edwin J. Purcell, Dale Valberg y Steven E. Rigdon ; traducción Víctor Hugo Ibarra Mercado y Óscar Palmas Velasco a8a ed. aMéxico :b Pearson Educación,c2001 axv, 796 p. aTítulo original: Calculus aC/e aCálculo  aCalculus aGeometría analítica  aIbarra Mercado, Víctor Hugo, tr.  aPalmas Velasco, Oscar Alfredo, tr. aRigdon, Steven E., coaut.  aVarberg, Dale, coaut.